<?xml version="1.0" encoding="UTF-8"?><marc:collection xmlns:marc="http://www.loc.gov/MARC21/slim">
  <marc:record>
    <marc:leader>00000nam##2200000za#4500</marc:leader>
    <marc:controlfield tag="001">9.678667</marc:controlfield>
    <marc:controlfield tag="003">CaOODSP</marc:controlfield>
    <marc:controlfield tag="005">20210615132334</marc:controlfield>
    <marc:controlfield tag="007">ta</marc:controlfield>
    <marc:controlfield tag="008">150407|1991||||xxc|||||     f|0| 0 fre|d</marc:controlfield>
    <marc:datafield tag="020" ind1=" " ind2=" ">
      <marc:subfield code="a">0-660-93427-2</marc:subfield>
    </marc:datafield>
    <marc:datafield tag="040" ind1=" " ind2=" ">
      <marc:subfield code="a">CaOODSP</marc:subfield>
      <marc:subfield code="b">fre</marc:subfield>
    </marc:datafield>
    <marc:datafield tag="043" ind1=" " ind2=" ">
      <marc:subfield code="a">n-cn---</marc:subfield>
    </marc:datafield>
    <marc:datafield tag="086" ind1="1" ind2=" ">
      <marc:subfield code="a">Ci53-3/3-1991F</marc:subfield>
    </marc:datafield>
    <marc:datafield tag="110" ind1="1" ind2=" ">
      <marc:subfield code="a">Canada.</marc:subfield>
      <marc:subfield code="b">Multiculturalisme et Citoyenneté. </marc:subfield>
      <marc:subfield code="b">Citoyenneté.</marc:subfield>
    </marc:datafield>
    <marc:datafield tag="245" ind1="1" ind2="0">
      <marc:subfield code="a">Pour un style clair et simple / </marc:subfield>
      <marc:subfield code="c">Préparé par NGL Consultants Ltée. </marc:subfield>
    </marc:datafield>
    <marc:datafield tag="260" ind1=" " ind2=" ">
      <marc:subfield code="a">Ottawa - Ontario : </marc:subfield>
      <marc:subfield code="b">Multiculturalisme et Citoyenneté. </marc:subfield>
      <marc:subfield code="c">1991.</marc:subfield>
    </marc:datafield>
    <marc:datafield tag="300" ind1=" " ind2=" ">
      <marc:subfield code="a">62p. : </marc:subfield>
      <marc:subfield code="b">références ; </marc:subfield>
      <marc:subfield code="c">23 cm.</marc:subfield>
    </marc:datafield>
    <marc:datafield tag="500" ind1=" " ind2=" ">
      <marc:subfield code="a">Sommaire: Clarté et simplicité: nous y trouvons tous notre compte.--Avant de commencer à écrire, posez-vous quelques questions.--Pour rendre votre texte efficace.--Tout est dans la manière.--Pesez vos mots.--La présentation est très importante.--Faites appel aux experts: les personnes qui vous lisent.--Liste de vérification.--Pour en savoir plus. Publié par le Secrétariat national de l'alphabétisation.</marc:subfield>
    </marc:datafield>
    <marc:datafield tag="520" ind1="3" ind2=" ">
      <marc:subfield code="a">Ce manuel renferme des conseils qui aideront les fonctionnaires à rédiger des documents dans un style clair et simple. Il constitue une précieuse ressource pour quiconque veut produire des documents accessibles, clairs et précis à l’intention d’un vaste auditoire – experts ou non. Il comprend des chapitres sur la planification et la préparation des documents, l’organisation des idées, le style des phrases et des paragraphes, le choix des mots, et la présentation. Renferme une liste utile des points à retenir à la fin de chaque chapitre.</marc:subfield>
    </marc:datafield>
    <marc:datafield tag="563" ind1=" " ind2=" ">
      <marc:subfield code="a">Reliure à spirale</marc:subfield>
    </marc:datafield>
    <marc:datafield tag="590" ind1=" " ind2=" ">
      <marc:subfield code="a">91-39</marc:subfield>
      <marc:subfield code="b">1991-09-27</marc:subfield>
    </marc:datafield>
    <marc:datafield tag="691" ind1="0" ind2="7">
      <marc:subfield code="a">Rédaction</marc:subfield>
      <marc:subfield code="2">gcpds</marc:subfield>
    </marc:datafield>
    <marc:datafield tag="691" ind1="0" ind2="7">
      <marc:subfield code="a">Langage simple</marc:subfield>
      <marc:subfield code="2">gcpds</marc:subfield>
    </marc:datafield>
    <marc:datafield tag="775" ind1="0" ind2="8">
      <marc:subfield code="t">Plain language, clear and simple / </marc:subfield>
      <marc:subfield code="w">(CaOODSP)9.644871</marc:subfield>
    </marc:datafield>
    <marc:datafield tag="776" ind1="0" ind2="#">
      <marc:subfield code="t">Pour un style clair et simple </marc:subfield>
      <marc:subfield code="w">(CaOODSP)9.643617</marc:subfield>
    </marc:datafield>
  </marc:record>
</marc:collection>
